[Event "Mittelfrank Regionalliga Sud-Ost 2223"]
[Site "Mittelfranken"]
[Date "2023.04.23"]
[Round "9.3"]
[White "Albrecht, Manuel"]
[Black "Hobmeier, Luis"]
[Result "1-0"]
[WhiteElo "1903"]
[BlackElo "1895"]
[PlyCount "82"]
[EventDate "2022.10.09"]
[EventType "team-tourn"]
[EventRounds "9"]
[EventCountry "GER"]
[SourceTitle "EXT 2024"]
[Source "ChessBase"]
[SourceDate "2023.10.10"]
[SourceVersion "1"]
[SourceVersionDate "2023.10.10"]
[SourceQuality "1"]
[WhiteTeam "Landau Dingolfing"]
[BlackTeam "Moosburg"]
[WhiteTeamCountry "GER"]
[BlackTeamCountry "GER"]

1. e4 e5 2. Nf3 Nc6 3. Bb5 a6 4. Bxc6 dxc6 5. 0-0 f6 6. d4 exd4 7. Qxd4 Qxd4 8. Nxd4 Bd7 9. Be3 0-0-0 10. Nc3 Ne7 11. Rad1 c5 12. Nf3 Ng6 13. Rd5 b6 14. e5 fxe5 15. Rfd1 c6 16. R5d2 Be7 17. Na4 Bg4 18. Nxb6+ Kc7 19. Rxd8 Bxd8 20. Bxc5 Be7 21. Bxe7 Kxb6 22. Bg5 e4 23. h3 Bxf3 24. gxf3 exf3 25. Rd7 Rg8 26. Kh2 h6 27. Be3+ Kb5 28. a3 Ne5 29. Rd4 a5 30. a4+ Ka6 31. Re4 Ng6 32. Re6 Nh4 33. Re7 Ra8 34. Bc5 g5 35. Rc7 Nf5 36. Rxc6+ Kb7 37. Rf6 Nh4 38. Rxh6 Rc8 39. Rb6+ Kc7 40. Rb5 Rh8 41. Bd4 g4 1-0

[Event "Mittelfrank Regionalliga Sud-Ost 2223"]
[Site "Mittelfranken"]
[Date "2023.02.05"]
[Round "6.3"]
[White "Walter, Thomas"]
[Black "Albrecht, Manuel"]
[Result "1/2-1/2"]
[WhiteElo "2063"]
[BlackElo "1903"]
[PlyCount "61"]
[EventDate "2022.10.09"]
[EventType "team-tourn"]
[EventRounds "9"]
[EventCountry "GER"]
[SourceTitle "EXT 2024"]
[Source "ChessBase"]
[SourceDate "2023.10.10"]
[SourceVersion "1"]
[SourceVersionDate "2023.10.10"]
[SourceQuality "1"]
[WhiteTeam "Tegernsee"]
[BlackTeam "Landau Dingolfing"]
[WhiteTeamCountry "GER"]
[BlackTeamCountry "GER"]

1. e4 e5 2. Nf3 Nc6 3. Bc4 Nf6 4. 0-0 Nxe4 5. Nc3 Nxc3 6. dxc3 Be7 7. Qd5 0-0 8. Nxe5 Nxe5 9. Qxe5 Bf6 10. Qh5 g6 11. Qf3 c6 12. Be3 d5 13. Rad1 Bg7 14. Bd3 Qh4 15. Qf4 Qxf4 16. Bxf4 Re8 17. Rfe1 Bd7 18. Kf1 Re6 19. Rxe6 Bxe6 20. Be3 b6 21. Bd4 Bxd4 22. cxd4 a5 23. a4 Kf8 24. f4 h5 25. Re1 Re8 26. Kf2 Kg7 27. f5 Bd7 28. Rxe8 Bxe8 29. fxg6 fxg6 30. h4 Kf6 31. Be2 1/2-1/2

[Event "Mittelfrank Regionalliga Sud-Ost 2223"]
[Site "Mittelfranken"]
[Date "2022.10.23"]
[Round "2.3"]
[White "Albrecht, Manuel"]
[Black "Hammerl, Jonas"]
[Result "1/2-1/2"]
[WhiteElo "1903"]
[BlackElo "1961"]
[PlyCount "109"]
[EventDate "2022.10.09"]
[EventType "team-tourn"]
[EventRounds "9"]
[EventCountry "GER"]
[SourceTitle "EXT 2024"]
[Source "ChessBase"]
[SourceDate "2023.10.10"]
[SourceVersion "1"]
[SourceVersionDate "2023.10.10"]
[SourceQuality "1"]
[WhiteTeam "Landau Dingolfing"]
[BlackTeam "Ergolding"]
[WhiteTeamCountry "GER"]
[BlackTeamCountry "GER"]

1. e4 c5 2. Nf3 Nc6 3. Bb5 e6 4. 0-0 Nge7 5. Re1 a6 6. Bf1 Ng6 7. c3 d5 8. exd5 Qxd5 9. d4 Be7 10. c4 Qd6 11. d5 exd5 12. cxd5 Nb4 13. Nc3 Bf5 14. Qa4+ Kf8 15. Re2 Nxd5 16. Nxd5 Qxd5 17. Rd2 Qe4 18. Qb3 b5 19. Bd3 Qe6 20. Bxf5 Qxf5 21. Rd5 Qe6 22. Bg5 c4 23. Qd1 f6 24. Qd4 fxg5 25. Re1 Qf7 26. Qe4 Re8 27. Ne5 Nxe5 28. Rxe5 h5 29. h4 gxh4 30. Re6 Rh6 31. Rxh6 gxh6 32. Qc6 Bf6 33. Rxe8+ Qxe8 34. Qxf6+ Kg8 35. Qxa6 Qe1+ 36. Kh2 Qe5+ 37. Kg1 Qxb2 38. Qc8+ Kf7 39. Qd7+ Kf6 40. Qd8+ Kf5 41. Qd7+ Ke4 42. Qh7+ Kd5 43. Qd7+ Kc5 44. Qe7+ Kb6 45. Qd8+ Ka6 46. Qa8+ Kb6 47. Qd8+ Kc6 48. Qa8+ Kb6 49. Qd8+ Kc6 50. Qc8+ Kd6 51. Qd8+ Ke6 52. Qe8+ Kd5 53. Qd7+ Kc5 54. Qe7+ Kc6 55. Qe8+ 1/2-1/2

[Event "Mittelfrank Regionalliga Sud-Ost 2122"]
[Site "Mittelfranken"]
[Date "2022.05.08"]
[Round "8.1"]
[White "Albrecht, Manuel"]
[Black "Sailer, Wolfgang"]
[Result "0-1"]
[WhiteElo "1854"]
[BlackElo "2170"]
[PlyCount "108"]
[EventDate "2021.10.24"]
[EventType "team-tourn"]
[EventRounds "9"]
[EventCountry "GER"]
[SourceTitle "EXT 2024"]
[Source "ChessBase"]
[SourceDate "2023.10.10"]
[SourceVersion "1"]
[SourceVersionDate "2023.10.10"]
[SourceQuality "1"]
[WhiteTeam "Landau Dingolfing"]
[BlackTeam "Neuburg"]
[WhiteTeamCountry "GER"]
[BlackTeamCountry "GER"]

1. e4 c5 2. Nf3 d6 3. Bb5+ Nd7 4. 0-0 Ngf6 5. Re1 e6 6. c3 Be7 7. d4 0-0 8. Bd3 cxd4 9. cxd4 e5 10. Nc3 b6 11. b3 Bb7 12. Bb2 Re8 13. Bc4 h6 14. dxe5 Nxe5 15. Nxe5 dxe5 16. Nd5 Nxd5 17. exd5 Bd6 18. Bb5 Re7 19. Bc6 Rb8 20. Qg4 Bc8 21. Qg3 f6 22. Qg6 Qf8 23. Rad1 Qf7 24. Qg3 Bf5 25. Qe3 Qg6 26. Qg3 Qxg3 27. hxg3 Kf8 28. Rc1 Rc8 29. Bb5 Rec7 30. Rc6 Rxc6 31. Bxc6 Rc7 32. Rd1 Ke7 33. Kf1 Bd7 34. Bxd7 Kxd7 35. Rc1 Rxc1+ 36. Bxc1 Bc5 37. g4 Kd6 38. Ke2 Kxd5 39. f3 Bf8 40. Kd3 g6 41. Be3 h5 42. gxh5 gxh5 43. Bd2 f5 44. Be3 Bc5 45. Bc1 b5 46. Bb2 a5 47. Bc3 a4 48. bxa4 bxa4 49. Bb2 e4+ 50. fxe4+ fxe4+ 51. Ke2 Kc4 52. Bf6 Bd4 53. Be7 Kc3 54. Ba3 Kc2 0-1

[Event "Mittelfrank Regionalliga Sud-Ost 2122"]
[Site "Mittelfranken"]
[Date "2021.10.24"]
[Round "1.1"]
[White "Albrecht, Manuel"]
[Black "Glawe, Ralf"]
[Result "0-1"]
[WhiteElo "1854"]
[BlackElo "2067"]
[PlyCount "80"]
[EventDate "2021.10.24"]
[EventType "team-tourn"]
[EventRounds "9"]
[EventCountry "GER"]
[SourceTitle "EXT 2024"]
[Source "ChessBase"]
[SourceDate "2023.10.10"]
[SourceVersion "1"]
[SourceVersionDate "2023.10.10"]
[SourceQuality "1"]
[WhiteTeam "Landau Dingolfing"]
[BlackTeam "Ingolstadt"]
[WhiteTeamCountry "GER"]
[BlackTeamCountry "GER"]

1. e4 c5 2. Nf3 e6 3. b3 a6 4. Bb2 Nc6 5. c4 Qc7 6. g3 Nf6 7. e5 Ng4 8. Qe2 Nh6 9. Nc3 Nf5 10. Ne4 Be7 11. Bh3 Nfd4 12. Nxd4 Nxd4 13. Bxd4 cxd4 14. f4 b6 15. 0-0 Bb7 16. d3 a5 17. Bg2 0-0 18. f5 Qxe5 19. f6 gxf6 20. Nxf6+ Bxf6 21. Qxe5 Bxe5 22. Bxb7 Rab8 23. Bg2 Kg7 24. a4 h5 25. Rae1 Bd6 26. Bf3 Rh8 27. Kg2 f5 28. Rh1 Rbg8 29. Reg1 Kf6 30. Kf2 Be5 31. h3 Ke7 32. Rg2 Kd6 33. Rhg1 Kc5 34. Ke2 Rg5 35. Kd1 Kb4 36. g4 fxg4 37. hxg4 h4 38. Rh1 h3 39. Rc2 Bf4 40. Rb2 h2 0-1

[Event "Arber op 7th"]
[Site "Bodenmais"]
[Date "2018.08.05"]
[Round "9"]
[White "Lehmann, Tim"]
[Black "Albrecht, Manuel"]
[Result "1-0"]
[WhiteElo "1915"]
[BlackElo "1863"]
[PlyCount "35"]
[EventDate "2018.07.28"]
[EventType "swiss"]
[EventRounds "9"]
[EventCountry "GER"]
[SourceTitle "CBM 185 Extra"]
[Source "ChessBase"]
[SourceDate "2018.07.29"]
[SourceVersion "1"]
[SourceVersionDate "2018.07.29"]
[SourceQuality "1"]

1. d4 Nf6 2. Bf4 d5 3. e3 c5 4. c3 Nc6 5. Nd2 e6 6. Ngf3 cxd4 7. exd4 Nh5 8. Be3 Bd6 9. Ne5 g6 10. Bb5 Qb6 11. Qa4 0-0 12. Nxc6 Bd7 13. Ne7+ Bxe7 14. Bxd7 a6 15. Qc2 Qc7 16. Ba4 b5 17. Bb3 a5 18. Qd3 1-0

[Event "Niederbayern-ch"]
[Site "Vilshofen"]
[Date "2018.04.06"]
[Round "4"]
[White "Woitylak, Steffen"]
[Black "Albrecht, Manuel"]
[Result "1-0"]
[WhiteElo "2036"]
[BlackElo "1859"]
[PlyCount "63"]
[EventDate "2018.04.05"]
[EventType "swiss"]
[EventRounds "7"]
[EventCountry "GER"]
[SourceTitle "EXT 2023"]
[Source "ChessBase"]
[SourceDate "2022.10.05"]
[SourceVersion "1"]
[SourceVersionDate "2022.10.05"]
[SourceQuality "1"]

1. c4 e5 2. Nc3 f5 3. g3 Nf6 4. Bg2 Bc5 5. Na4 Qe7 6. a3 a5 7. b4 Bd4 8. Rb1 axb4 9. axb4 e4 10. e3 Be5 11. f4 exf3 12. Nxf3 Ng4 13. 0-0 0-0 14. Nc5 d6 15. Nd3 c6 16. Ndxe5 dxe5 17. Qb3 e4 18. Nd4 Be6 19. Qc3 Nd7 20. Bb2 Nge5 21. Bh3 g6 22. c5 Nd3 23. Nxe6 Nxb2 24. Nxf8 Na4 25. Nxg6 hxg6 26. Qb3+ Kh7 27. Ra1 b5 28. cxb6 Ndxb6 29. Rfc1 Qd7 30. Ra2 c5 31. bxc5 Nxc5 32. Rxc5 1-0

[Event "Niederbayern-ch"]
[Site "Vilshofen"]
[Date "2018.04.05"]
[Round "1"]
[White "Albrecht, Manuel"]
[Black "Stadler, Alexander"]
[Result "0-1"]
[WhiteElo "1859"]
[BlackElo "2077"]
[PlyCount "100"]
[EventDate "2018.04.05"]
[EventType "swiss"]
[EventRounds "7"]
[EventCountry "GER"]
[SourceTitle "EXT 2023"]
[Source "ChessBase"]
[SourceDate "2022.10.05"]
[SourceVersion "1"]
[SourceVersionDate "2022.10.05"]
[SourceQuality "1"]

1. e4 d6 2. d4 Nf6 3. Nc3 e5 4. dxe5 dxe5 5. Qxd8+ Kxd8 6. Bg5 Be6 7. 0-0-0+ Kc8 8. Nf3 Nbd7 9. Be3 h6 10. h3 c6 11. Nd2 Bc5 12. Bxc5 Nxc5 13. b4 Na6 14. a3 b5 15. g3 Nd7 16. f4 f6 17. Nf3 Nc7 18. f5 Bf7 19. Rd6 Nb8 20. Be2 Rd8 21. Rhd1 Rxd6 22. Rxd6 Ne8 23. Rd1 a5 24. bxa5 Rxa5 25. Kb2 Kc7 26. Nd2 Ra8 27. Nb3 Nd7 28. Bd3 Nd6 29. Nd2 Nb6 30. Ra1 Ra5 31. Kb1 Na4 32. Nxa4 Rxa4 33. Kb2 c5 34. c3 Be8 35. Bc2 Ra8 36. Re1 Bc6 37. Bd3 Rd8 38. Kc2 c4 39. Bf1 Ra8 40. Kb2 Nb7 41. Be2 Nc5 42. Bf1 Rd8 43. Kc2 Rd7 44. Re3 Kb6 45. Be2 Ka5 46. Bd1 Rd3 47. Rxd3 cxd3+ 48. Kc1 Bxe4 49. g4 Bg2 50. h4 e4 0-1

[Event "Niederbayern-ch"]
[Site "Vilshofen"]
[Date "2017.04.20"]
[Round "2"]
[White "Latzel, Wolfgang"]
[Black "Albrecht, Manuel"]
[Result "1/2-1/2"]
[WhiteElo "1896"]
[BlackElo "1767"]
[PlyCount "57"]
[EventDate "2017.04.20"]
[EventType "swiss"]
[EventRounds "7"]
[EventCountry "GER"]
[SourceTitle "EXT 2023"]
[Source "ChessBase"]
[SourceDate "2022.10.05"]
[SourceVersion "1"]
[SourceVersionDate "2022.10.05"]
[SourceQuality "1"]

1. e4 e6 2. d4 d5 3. Nd2 dxe4 4. Nxe4 Nf6 5. Nxf6+ Qxf6 6. Bd3 a6 7. Nf3 Bd6 8. Qe2 0-0 9. Bd2 Nc6 10. c3 Bd7 11. 0-0 e5 12. Qe4 g6 13. Bh6 Rfe8 14. dxe5 Nxe5 15. Nxe5 Bxe5 16. f4 Bxc3 17. Qc4 Bxb2 18. Rad1 Qd4+ 19. Kh1 Qxc4 20. Bxc4 Bc6 21. Bg5 b5 22. Rb1 bxc4 23. Rxb2 Re4 24. Bf6 Rae8 25. Rbf2 Re1 26. Kg1 R8e2 27. Bc3 Rxf1+ 28. Kxf1 Rxf2+ 29. Kxf2 1/2-1/2

[Event "Niederbayernliga 1516"]
[Site "Bayern"]
[Date "2016.01.17"]
[Round "5.2"]
[White "Albrecht, Manuel"]
[Black "Zepke, Armin"]
[Result "0-1"]
[WhiteElo "1608"]
[BlackElo "2008"]
[PlyCount "54"]
[EventDate "2015.10.11"]
[EventType "team-tourn"]
[EventRounds "9"]
[EventCountry "GER"]
[SourceTitle "EXT 2023"]
[Source "ChessBase"]
[SourceDate "2022.10.05"]
[SourceVersion "1"]
[SourceVersionDate "2022.10.05"]
[SourceQuality "1"]
[WhiteTeam "Landau Dingolfing II"]
[BlackTeam "Bayerwald Regen"]
[WhiteTeamCountry "GER"]
[BlackTeamCountry "GER"]

1. e4 c6 2. d4 d5 3. exd5 cxd5 4. Nf3 Nf6 5. Nc3 Bg4 6. Be2 e6 7. Ne5 Bxe2 8. Qxe2 Nc6 9. Nxc6 bxc6 10. Bg5 Qb6 11. Qd3 Nd7 12. Rb1 Bd6 13. 0-0 0-0 14. Be3 Rfc8 15. a3 Rab8 16. Qe2 c5 17. Qg4 Qc7 18. h3 cxd4 19. Qxd4 Bc5 20. Qd2 Ne5 21. Bf4 Bd6 22. Qd4 Nf3+ 23. gxf3 Bxf4 24. Rfe1 Bg5 25. Kg2 Bf6 26. Qd3 Qc4 27. Qd2 g6 0-1

[Event "Niederbayernliga 1516"]
[Site "Bayern"]
[Date "2015.11.15"]
[Round "3.3"]
[White "Neuwerth, Chulian"]
[Black "Albrecht, Manuel"]
[Result "1/2-1/2"]
[WhiteElo "1811"]
[BlackElo "1608"]
[PlyCount "90"]
[EventDate "2015.10.11"]
[EventType "team-tourn"]
[EventRounds "9"]
[EventCountry "GER"]
[SourceTitle "EXT 2023"]
[Source "ChessBase"]
[SourceDate "2022.10.05"]
[SourceVersion "1"]
[SourceVersionDate "2022.10.05"]
[SourceQuality "1"]
[WhiteTeam "Roehrnbach II"]
[BlackTeam "Landau Dingolfing II"]
[WhiteTeamCountry "GER"]
[BlackTeamCountry "GER"]

1. e4 e6 2. d4 d5 3. e5 c5 4. c3 Nc6 5. Nf3 Qb6 6. a3 c4 7. Qc2 f6 8. Be3 Qc7 9. Bf4 fxe5 10. Bxe5 Nxe5 11. Nxe5 Bd6 12. f4 g5 13. g3 gxf4 14. gxf4 Bxe5 15. fxe5 Qf7 16. Nd2 Nh6 17. Be2 Nf5 18. Nf1 Rg8 19. Qd2 Bd7 20. Ne3 0-0-0 21. Ng4 Qh5 22. 0-0-0 Rxg4 23. h3 Rg2 24. Bxh5 Rxd2 25. Rxd2 Ng3 26. Bf3 Nxh1 27. Bxh1 Rg8 28. Bf3 Rg1+ 29. Rd1 Rxd1+ 30. Kxd1 Be8 31. Ke2 Kd8 32. Ke3 Bg6 33. Kf4 Ke7 34. Kg5 Bc2 35. Kh6 Bf5 36. h4 Bc2 37. Kg7 Bg6 38. h5 Bc2 39. h6 Bg6 40. Bd1 Bd3 41. Bh5 Bc2 42. Bf7 Be4 43. Bh5 Bc2 44. Bg4 Bg6 45. Bd1 b5 1/2-1/2

[Event "Niederbayern-ch"]
[Site "Roehrnbach"]
[Date "2014.04.26"]
[Round "6"]
[White "Huber, Florian"]
[Black "Albrecht, Manuel"]
[Result "1/2-1/2"]
[WhiteElo "1517"]
[BlackElo "1662"]
[PlyCount "21"]
[EventDate "2014.04.24"]
[EventType "swiss"]
[EventRounds "7"]
[EventCountry "GER"]
[SourceTitle "EXT 2023"]
[Source "ChessBase"]
[SourceDate "2022.10.05"]
[SourceVersion "1"]
[SourceVersionDate "2022.10.05"]
[SourceQuality "1"]

1. d4 Nf6 2. Nf3 d5 3. e3 e6 4. Bd3 Be7 5. b3 c5 6. Bb2 Qb6 7. 0-0 Bd7 8. Nbd2 c4 9. Be2 0-0 10. Rb1 cxb3 11. cxb3 1/2-1/2

[Event "Niederbayern-ch"]
[Site "Roehrnbach"]
[Date "2014.04.25"]
[Round "4"]
[White "Albrecht, Manuel"]
[Black "Lichtmannecker, Hans Juergen"]
[Result "0-1"]
[WhiteElo "1662"]
[BlackElo "1667"]
[PlyCount "60"]
[EventDate "2014.04.24"]
[EventType "swiss"]
[EventRounds "7"]
[EventCountry "GER"]
[SourceTitle "EXT 2023"]
[Source "ChessBase"]
[SourceDate "2022.10.05"]
[SourceVersion "1"]
[SourceVersionDate "2022.10.05"]
[SourceQuality "1"]

1. e4 c5 2. Nf3 Qc7 3. d4 cxd4 4. Nxd4 Nf6 5. Nc3 Nxe4 6. Nxe4 Qe5 7. Qe2 Qxd4 8. c3 Qe5 9. g3 d5 10. Ng5 Qxe2+ 11. Bxe2 h6 12. Nf3 Nc6 13. Be3 e6 14. Rd1 Be7 15. 0-0 Bd7 16. c4 dxc4 17. Bxc4 g5 18. Bb5 a6 19. Ba4 b5 20. Bb3 g4 21. Nd4 Nxd4 22. Rxd4 h5 23. f3 Bc5 24. fxg4 hxg4 25. Rd3 Bxe3+ 26. Rxe3 Bc6 27. Rd1 Rd8 28. Rc1 Bf3 29. Rc7 Kf8 30. Bxe6 Rd1+ 0-1